Introduction to digital computer design

Enregistré dans:
Détails bibliographiques
Auteur principal: Sobel, Herbert S. (Auteur)
Format: Livre
Langue:anglais
Publié: Reading : Addison-Wesley Publishing Company, 1970
Tags: Ajouter un tag
Pas de tags, Soyez le premier à ajouter un tag!

MARC

LEADER 00000nam a22000003a 4500
001 stu266633
005 20150617230222.0
008 130513s--------xxu-----------------eng-d
040 |a STU  |b slo 
041 0 |a eng 
044 |a xxu 
100 1 |a Sobel, Herbert S.  |4 aut 
245 1 |a Introduction to digital computer design 
260 |a Reading :  |b Addison-Wesley Publishing Company,  |c 1970 
300 |a 402 s 
996 |c I*21OD1815  |l I  |s A  |a 24  |w stu266633_0001